[Event "FRA-chT2 0405"]
[Site "France"]
[Date "2005.01.09"]
[Round "6.4"]
[White "Bertrand, Xavier"]
[Black "Daurelle, Herve"]
[Result "1/2-1/2"]
[WhiteElo "2132"]
[BlackElo "2223"]
[PlyCount "98"]
[EventDate "2004.10.10"]
[EventType "team"]
[EventRounds "11"]
[EventCountry "FRA"]
[SourceTitle "EXT 2006"]
[Source "ChessBase"]
[SourceDate "2005.11.24"]
[SourceVersion "1"]
[SourceVersionDate "2005.11.24"]
[SourceQuality "1"]
[WhiteTeam "Neuville en Ferrain"]
[BlackTeam "Clichy  II"]
[WhiteTeamCountry "FRA"]
[BlackTeamCountry "FRA"]

1. d4 d5 2. Nf3 c5 3. c3 cxd4 4. cxd4 Nc6 5. Nc3 Nf6 6. Bf4 Bf5 7. e3 e6 8. Be2 Be7 9. 0-0 0-0 10. Ne5 Nxe5 11. Bxe5 a6 12. Bd3 Bxd3 13. Qxd3 Nd7 14. Bg3 Rc8 15. Rfc1 Rc6 16. h3 Qa5 17. f3 Rfc8 18. Ne2 Nb6 19. Rxc6 Rxc6 20. Be1 Bb4 21. Bxb4 Qxb4 22. b3 Nc8 23. Kf2 Nd6 24. g4 Qa5 25. Rc1 Rxc1 26. Nxc1 Qc7 27. Ne2 g6 28. Qc3 Qxc3 29. Nxc3 b5 30. a4 b4 31. Na2 a5 32. Nc1 Kf8 33. Nd3 f6 34. Nc5 Ke7 35. e4 dxe4 36. fxe4 e5 37. Ke3 exd4+ 38. Kxd4 h5 39. Kd5 h4 40. Kd4 Nf7 41. Nd3 Ng5 42. Nf4 Nf3+ 43. Ke3 Ne5 44. Nd3 Kd6 45. Nf4 g5 46. Nd3 Nd7 47. Nb2 Ne5 48. Nd3 Ng6 49. Kf3 Ne5+ 1/2-1/2

[Event "FRA-chT2 0405"]
[Site "France"]
[Date "2004.11.06"]
[Round "2.6"]
[White "Lebrun, Xavier"]
[Black "Bertrand, Xavier"]
[Result "1-0"]
[WhiteElo "2173"]
[BlackElo "2132"]
[PlyCount "67"]
[EventDate "2004.10.10"]
[EventType "team"]
[EventRounds "11"]
[EventCountry "FRA"]
[SourceTitle "EXT 2006"]
[Source "ChessBase"]
[SourceDate "2005.11.24"]
[SourceVersion "1"]
[SourceVersionDate "2005.11.24"]
[SourceQuality "1"]
[WhiteTeam "Bagneux"]
[BlackTeam "Neuville en Ferrain"]
[WhiteTeamCountry "FRA"]
[BlackTeamCountry "FRA"]

1. e4 e6 2. d4 d5 3. Nc3 Bb4 4. e5 c5 5. a3 Bxc3+ 6. bxc3 Qc7 7. Nf3 b6 8. Bd3 Ba6 9. 0-0 Bxd3 10. cxd3 Ne7 11. dxc5 bxc5 12. Qa4+ Nd7 13. Re1 Rb8 14. Bg5 h6 15. Bxe7 Kxe7 16. Qh4+ g5 17. Qh5 Rbg8 18. c4 Nf8 19. cxd5 exd5 20. e6 fxe6 21. Ne5 Rh7 22. Re2 g4 23. Rae1 Rg5 24. Qh4 Ke8 25. Nxg4 Ng6 26. Rxe6+ Kf8 27. Qh3 Qf4 28. Rf6+ Kg8 29. Rxf4 Nxf4 30. Qf3 Rf5 31. Ne3 Rf6 32. Nxd5 Nxd5 33. Qxd5+ Rhf7 34. f3 1-0

[Event "FRA-chT3 North 0304"]
[Site "France"]
[Date "2004.02.01"]
[Round "6.2"]
[White "Bertrand, Xavier"]
[Black "Therkildsen, Thomas"]
[Result "0-1"]
[WhiteElo "2137"]
[BlackElo "2199"]
[PlyCount "80"]
[EventDate "2003.11.??"]
[EventType "team"]
[EventRounds "9"]
[EventCountry "FRA"]
[SourceTitle "EXT 2006"]
[Source "ChessBase"]
[SourceDate "2005.11.24"]
[SourceVersion "1"]
[SourceVersionDate "2005.11.24"]
[SourceQuality "1"]
[WhiteTeam "Neuville en Ferrain"]
[BlackTeam "Le Touquet"]
[WhiteTeamCountry "FRA"]
[BlackTeamCountry "FRA"]

1. d4 Nf6 2. c4 e6 3. Nc3 Bb4 4. Bg5 c5 5. d5 exd5 6. cxd5 d6 7. f3 0-0 8. e4 Re8 9. Bb5 Nbd7 10. Nh3 Qa5 11. Bxd7 Bxc3+ 12. bxc3 Nxd7 13. Qc2 Qa6 14. Nf2 Nb6 15. Nd3 h6 16. Bc1 Nxd5 17. 0-0 Nb6 18. Bf4 Nc4 19. Rfe1 b6 20. Rad1 Be6 21. Qf2 Qa3 22. Rc1 d5 23. Rc2 dxe4 24. fxe4 Qa4 25. Rce2 Rad8 26. Qg3 Kh7 27. Nf2 f6 28. Ng4 Bxg4 29. Qxg4 Qd7 30. Qxd7 Rxd7 31. Kf2 Rd3 32. Rc2 Red8 33. Bc1 g5 34. Ke2 Kg6 35. h3 Rg3 36. Kf2 Rdd3 37. h4 Rxc3 38. Ree2 Ne5 39. hxg5 Nd3+ 40. Kxg3 Nxc1+ 0-1

[Event "FRA-chT3 North 0304"]
[Site "France"]
[Date "2004.01.18"]
[Round "5.4"]
[White "Bertrand, Xavier"]
[Black "Delabie, Jan"]
[Result "1-0"]
[WhiteElo "2137"]
[BlackElo "2040"]
[PlyCount "74"]
[EventDate "2003.11.??"]
[EventType "team"]
[EventRounds "9"]
[EventCountry "FRA"]
[SourceTitle "EXT 2006"]
[Source "ChessBase"]
[SourceDate "2005.11.24"]
[SourceVersion "1"]
[SourceVersionDate "2005.11.24"]
[SourceQuality "1"]
[WhiteTeam "Neuville en Ferrain"]
[BlackTeam "Lille II"]
[WhiteTeamCountry "FRA"]
[BlackTeamCountry "FRA"]

1. d4 Nf6 2. c4 c5 3. d5 b5 4. Nd2 bxc4 5. e4 e6 6. Bxc4 exd5 7. exd5 d6 8. Ne2 Be7 9. 0-0 0-0 10. Ng3 Nbd7 11. b3 Nb6 12. Qf3 Bb7 13. Bb2 Bxd5 14. Bxd5 Nfxd5 15. Nf5 Bf6 16. Bxf6 Nxf6 17. Qc3 Qd7 18. Qf3 g6 19. Ng3 Nbd5 20. Rad1 Rfe8 21. Nde4 Kg7 22. Rd2 Rad8 23. Rfd1 Nxe4 24. Rxd5 Nf6 25. R5d2 d5 26. Qc3 Qc6 27. h4 h5 28. b4 Rc8 29. Rxd5 cxb4 30. Qd2 Qc3 31. Qxc3 bxc3 32. R5d3 Ne4 33. Nxe4 Rxe4 34. Rc1 c2 35. Rd2 Rec4 36. Kf1 Rxh4 37. Ke2 Rhc4 1-0

[Event "FRA-chT3 Gr8 0203"]
[Site "France"]
[Date "2002.11.16"]
[Round "2"]
[White "Bertrand, Xavier"]
[Black "Derigny, Philippe"]
[Result "1-0"]
[WhiteElo "1940"]
[BlackElo "2138"]
[PlyCount "105"]
[EventDate "2002.10.??"]
[EventType "team"]
[EventRounds "9"]
[EventCountry "FRA"]
[SourceTitle "EXT 2005"]
[Source "ChessBase"]
[SourceDate "2004.11.15"]
[SourceVersion "1"]
[SourceVersionDate "2004.11.15"]
[SourceQuality "1"]

1. d4 Nf6 2. c4 c5 3. d5 b5 4. Nd2 bxc4 5. e4 Qa5 6. Qc2 d6 7. Bxc4 Nbd7 8. Ngf3 Ng4 9. 0-0 g6 10. Nb3 Qa4 11. Qe2 a6 12. Nfd2 Nb6 13. f4 Bg7 14. h3 Ne3 15. Qxe3 Nxc4 16. Nxc4 Qxc4 17. Nd2 Qb5 18. Qb3 Bd4+ 19. Kh2 Qe2 20. Qf3 Qxf3 21. Nxf3 Bg7 22. Rb1 Rb8 23. b3 0-0 24. Bb2 Bxb2 25. Rxb2 c4 26. Rc1 cxb3 27. Rxb3 Rxb3 28. axb3 Rd8 29. Rc7 Kf8 30. Nd4 Bd7 31. Ra7 Bb5 32. Nxb5 axb5 33. Rb7 b4 34. Rxb4 Rc8 35. Rc4 Rb8 36. b4 Rb5 37. Kg3 f5 38. exf5 gxf5 39. Rd4 Kf7 40. Kf3 h5 41. Ke3 h4 42. Kd3 Rb8 43. Kc3 Rc8+ 44. Rc4 Rg8 45. b5 Rxg2 46. Kb4 Rd2 47. b6 Ke8 48. Kc3 Rxd5 49. b7 Rb5 50. Rb4 Rxb7 51. Rxb7 Kf7 52. Kd4 Ke6 53. Ra7 1-0